00986nam a22002297a 450000500170000001001020001702000220011902000150014103501940015603700160035004000120036608200160037824501190039426000390051327000470055230000210059950000210062065000310064165000420067270000180071470000240073220170124110007.0 aA-612658  c00.00a0803991118 a8170363373 aA-612658  bCen Lib/Ret aDPLbEN a378.54bCHI aHigher education reform in India :cedited by Suma Chitnis [and] Philip G Altbachb experience and perspectives / aNew DelhibSage Publicationsc1993 bNew DelhiaM-32 Greater Kailash-Ie110048 a438p. c21cm(Hb) aIncludes index  aEducation, Higher -- India aEducation, Higher -- India -- Finance aChitnis, Suma aAltbach, Philip G.